| 000 | 00569nam a22001457a 4500 | ||
|---|---|---|---|
| 008 | 150831b xxu||||| |||| 00| 0 eng d | ||
| 082 |
_a708 _bV494-l |
||
| 100 |
_aVergara, Juan Diego _93403 |
||
| 245 |
_aLʹeffect miroir : lʹimage extérieure et lʹimage intime = El efecto del espejo : la imagen exterior y la imagen íntima _cJuan Diego Vergara |
||
| 260 |
_aLima: _bArcadia Mediática _c2014 |
||
| 300 |
_a74 p. _bill.(col.) _c24 cm. |
||
| 600 |
_aVergara, Juan Diego _b1972 _vCatálogos _93404 |
||
| 650 |
_aPintura erótica _93405 |
||
| 650 |
_aFotografía erótica gay _93406 |
||
| 999 |
_c726 _d726 |
||